Methods of test for natural rubber. Part II. Determination of volatile matter. (Second Revision). (Record no. 73728)

MARC details
000 -LEADER
fixed length control field 00374nam a2200121Ia 4500
245 #0 - TITLE STATEMENT
Title Methods of test for natural rubber. Part II. Determination of volatile matter. (Second Revision).
260 ## - PUBLICATION, DISTRIBUTION, ETC. (IMPRINT)
Year of publication 1985
500 ## - GENERAL NOTE
General note Standard number: IS 3660 Part II
650 ## - SUBJECT ADDED ENTRY--TOPICAL TERM
Topical Term Natural rubber
650 ## - SUBJECT ADDED ENTRY--TOPICAL TERM
Topical Term Volatile matter
942 ## - ADDED ENTRY ELEMENTS (KOHA)
Koha item type Standards
Holdings
Withdrawn status Lost status Damaged status Not for loan Collection code Home library Current library Date acquired Koha item type
      Standards Indian standards RRII Library RRII Library 31/12/2021 Standards